[Event "VL 2016/17"]
[Site "Mecklenburg/Vorpommern"]
[Date "2017.02.26"]
[Round "6.8"]
[White "Emmrich, Olaf"]
[Black "Vladov, Mark"]
[Result "1/2-1/2"]
[WhiteElo "1767"]
[BlackElo "1619"]
[PlyCount "43"]
[EventType "team-tourn"]
[EventRounds "9"]
[SourceDate "2016.10.16"]
[WhiteTeam "VT Ludwigslust"]
[BlackTeam "SF Ostsee Warnemünde"]

1. e4 g6 2. d4 d6 3. Nf3 Nf6 4. Bd3 Bg7 5. c3 O-O 6. Bg5 c5 7. Nbd2 Bg4 8. Qb3
Qc7 9. O-O a6 10. h3 Bd7 11. e5 Be6 12. exd6 exd6 13. Qc2 cxd4 14. Nxd4 Bd7 15.
Rfe1 Nc6 16. Nxc6 Bxc6 17. Rad1 Rac8 18. Ne4 Nxe4 19. Bxe4 Rfe8 20. Bxc6 Qxc6
21. Rxe8+ Rxe8 22. Bf4 1/2-1/2

[Event "VL 2016/17"]
[Site "Mecklenburg/Vorpommern"]
[Date "2017.03.19"]
[Round "7.1"]
[White "Littke, Helmut"]
[Black "Schinke, Andreas"]
[Result "0-1"]
[WhiteElo "1967"]
[BlackElo "2034"]
[PlyCount "108"]
[EventType "team-tourn"]
[EventRounds "9"]
[SourceDate "2016.10.16"]
[WhiteTeam "ASV Wismar"]
[BlackTeam "Grevesmuehlen "]

1. d4 Nf6 2. c4 g6 3. Nc3 Bg7 4. e4 d6 5. Nf3 Nbd7 6. Be2 e5 7. dxe5 dxe5 8.
Bg5 O-O 9. Nd5 c6 10. Nxf6+ Nxf6 11. Qxd8 Rxd8 12. O-O Re8 13. Bd3 a5 14. h3
Nd7 15. Bc2 f6 16. Be3 Bf8 17. Nd2 Bc5 18. Rfe1 Bxe3 19. Rxe3 Nc5 20. a4 Ne6
21. Nb3 Nd4 22. Nxd4 exd4 23. Rf3 Kg7 24. Rd1 c5 25. Rb3 Re6 26. f4 b6 27. Kf2
Bd7 28. f5 Rd6 29. Rg3 Re8 30. fxg6 hxg6 31. Re1 Re5 32. Rf3 Bc6 33. g4 Rde6
34. Rf4 Re8 35. h4 Bd7 36. Rg1 g5 37. hxg5 fxg5 38. Rf3 Bc6 39. Rf5 Bd7 40.
Rxe5 Rxe5 41. Kg3 Re6 42. Rf1 Rf6 43. Rxf6 Kxf6 44. b3 Ke5 45. Bd3 Bc6 46. Kf3
Bb7 47. Bc2 Ba8 48. Bd3 Bc6 49. Bc2 d3 50. Bxd3 Kd4 51. Bc2 Kc3 52. Bd1 Kd2 53.
Be2 Ba8 54. Kf2 Bxe4 0-1

[Event "VL 2016/17"]
[Site "Mecklenburg/Vorpommern"]
[Date "2017.03.19"]
[Round "7.4"]
[White "Stiegler, Maik"]
[Black "Schulz, Bernd"]
[Result "1/2-1/2"]
[WhiteElo "1930"]
[BlackElo "1875"]
[PlyCount "46"]
[EventType "team-tourn"]
[EventRounds "9"]
[SourceDate "2016.10.16"]
[WhiteTeam "Grevesmuehlen "]
[BlackTeam "ASV Wismar"]

1. d4 d5 2. c4 e6 3. Nc3 Nf6 4. Bg5 Be7 5. e3 O-O 6. Bd3 c6 7. Nge2 Nbd7 8. O-O
dxc4 9. Bxc4 Nd5 10. Bxe7 Qxe7 11. e4 Nxc3 12. bxc3 e5 13. Qc2 Nb6 14. Bb3 Be6
15. dxe5 Bxb3 16. axb3 Qxe5 17. f4 Qc5+ 18. Kh1 a6 19. Rf3 Rad8 20. Rd1 Qe7 21.
Rfd3 Qxe4 22. Ng3 Qe7 23. Nf5 Qc7 1/2-1/2

[Event "VL 2016/17"]
[Site "Mecklenburg/Vorpommern"]
[Date "2017.03.19"]
[Round "7.6"]
[White "Streit, Bodo"]
[Black "Junggebauer, Thomas"]
[Result "0-1"]
[WhiteElo "1766"]
[BlackElo "1849"]
[PlyCount "68"]
[EventType "team-tourn"]
[EventRounds "9"]
[SourceDate "2016.10.16"]
[WhiteTeam "Grevesmuehlen "]
[BlackTeam "ASV Wismar"]

1. b4 d5 2. Bb2 Nf6 3. Nf3 Bf5 4. e3 e6 5. b5 Be7 6. c4 O-O 7. Qb3 Nbd7 8. d4
dxc4 9. Bxc4 Nb6 10. Nbd2 Ne4 11. Nxe4 Nxc4 12. Qxc4 Bxe4 13. Rc1 Bd6 14. Ke2
Bd5 15. Qc3 a6 16. bxa6 Rxa6 17. a3 Qe7 18. Rhd1 Rfa8 19. Rd2 Rc6 20. Qd3 Rxc1
21. Bxc1 Bxa3 22. Bxa3 Rxa3 23. Qb5 Rb3 24. Qa4 b5 25. Qa7 Bc4+ 26. Kd1 f6 27.
Qc5 Qd8 28. Qa7 Qd6 29. Qa8+ Kf7 30. Ne5+ fxe5 31. dxe5 Qxe5 32. Rd7+ Kg6 33.
Qe8+ Kh6 34. Rd4 Rd3+ 0-1

[Event "VL 2016/17"]
[Site "Mecklenburg/Vorpommern"]
[Date "2017.03.19"]
[Round "7.7"]
[White "Borchert, Ulf"]
[Black "Haase, Sebastian"]
[Result "1/2-1/2"]
[WhiteElo "1830"]
[BlackElo "1726"]
[PlyCount "56"]
[EventType "team-tourn"]
[EventRounds "9"]
[SourceDate "2016.10.16"]
[WhiteTeam "ASV Wismar"]
[BlackTeam "Grevesmuehlen "]

1. d4 Nf6 2. Nf3 g6 3. Bf4 Bg7 4. e3 d6 5. Bd3 O-O 6. h3 Nfd7 7. c3 e5 8. dxe5
dxe5 9. Bg3 Re8 10. Bc4 Nb6 11. Qxd8 Rxd8 12. Bb3 Nc6 13. Nbd2 h6 14. O-O Bf5
15. e4 Bd7 16. Rad1 Be8 17. Nc4 Nxc4 18. Bxc4 Kf8 19. Bd5 f6 20. Nd2 Bf7 21.
Bxf7 Kxf7 22. Nc4 Ke8 23. Ne3 Ne7 24. f4 Rxd1 25. Rxd1 Rd8 26. Rxd8+ Kxd8 27.
fxe5 fxe5 28. Nc4 Nc6 1/2-1/2

[Event "VL 2016/17"]
[Site "Mecklenburg/Vorpommern"]
[Date "2017.03.19"]
[Round "7.8"]
[White "Wulff, Jens Peter"]
[Black "Bahr, Enrico"]
[Result "0-1"]
[WhiteElo "1581"]
[BlackElo "1827"]
[PlyCount "66"]
[EventType "team-tourn"]
[EventRounds "9"]
[SourceDate "2016.10.16"]
[WhiteTeam "Grevesmuehlen "]
[BlackTeam "ASV Wismar"]

1. d4 Nf6 2. Nf3 g6 3. Bf4 Bg7 4. e3 O-O 5. Bd3 d6 6. h3 Nbd7 7. Nbd2 Re8 8.
Bg5 e5 9. c3 h6 10. Bxf6 Nxf6 11. dxe5 dxe5 12. Qc2 Qe7 13. Be4 c6 14. g4 Nd5
15. O-O-O Be6 16. Rdg1 b5 17. g5 h5 18. Nh4 Rac8 19. Kb1 a5 20. Ndf3 a4 21.
Nxg6 fxg6 22. Bxg6 Bf7 23. Bh7+ Kh8 24. Nh4 e4 25. Bf5 b4 26. c4 b3 27. axb3
axb3 28. Qe2 Ra8 29. g6 Be6 30. Qxh5+ Kg8 31. Bxe6+ Qxe6 32. cxd5 Qf6 33. Qe2
Ra2 0-1

[Event "VL 2016/17"]
[Site "Mecklenburg/Vorpommern"]
[Date "2017.03.19"]
[Round "7.1"]
[White "Mehl, Ronald"]
[Black "Ruesch, Hans Joachim"]
[Result "1/2-1/2"]
[WhiteElo "2054"]
[BlackElo "1962"]
[PlyCount "41"]
[EventType "team-tourn"]
[EventRounds "9"]
[SourceDate "2016.10.16"]
[WhiteTeam "FHSG Stralsund"]
[BlackTeam "SF Ostsee Warnemünde"]

1. Nf3 g6 2. c4 Bg7 3. Nc3 d6 4. g3 Nf6 5. Bg2 O-O 6. O-O e5 7. d4 Nbd7 8. dxe5
dxe5 9. Qc2 c6 10. Rd1 Qe7 11. h3 Nh5 12. e3 f5 13. b3 e4 14. Ne1 Ne5 15. Bb2
Be6 16. a4 Rfd8 17. Ne2 Rxd1 18. Rxd1 Rd8 19. Rxd8+ Qxd8 20. Bd4 Qc7 21. Qb2
1/2-1/2

[Event "VL 2016/17"]
[Site "Mecklenburg/Vorpommern"]
[Date "2017.03.19"]
[Round "7.2"]
[White "Schumacher, Dirk"]
[Black "Hubert, Peter"]
[Result "1/2-1/2"]
[WhiteElo "1971"]
[BlackElo "2001"]
[PlyCount "39"]
[EventType "team-tourn"]
[EventRounds "9"]
[SourceDate "2016.10.16"]
[WhiteTeam "SF Ostsee Warnemünde"]
[BlackTeam "FHSG Stralsund"]

1. e4 c5 2. Nf3 Nc6 3. d4 cxd4 4. c3 dxc3 5. Nxc3 d6 6. Bc4 e6 7. O-O a6 8. Qe2
Be7 9. Rd1 Qa5 10. Bf4 Ne5 11. Rac1 Nf6 12. Bb3 O-O 13. Bd2 Nxf3+ 14. Qxf3 Qh5
15. Qg3 Qg6 16. Qf3 e5 17. h3 Be6 18. Nd5 Bxd5 19. exd5 Rac8 20. Rc3 1/2-1/2

[Event "VL 2016/17"]
[Site "Mecklenburg/Vorpommern"]
[Date "2017.03.19"]
[Round "7.3"]
[White "Glawe, Hartmut"]
[Black "Hamann, Dirk"]
[Result "1-0"]
[WhiteElo "1939"]
[BlackElo "1879"]
[PlyCount "85"]
[EventType "team-tourn"]
[EventRounds "9"]
[SourceDate "2016.10.16"]
[WhiteTeam "FHSG Stralsund"]
[BlackTeam "SF Ostsee Warnemünde"]

1. d4 f5 2. b3 Nf6 3. Bb2 g6 4. Nd2 Bg7 5. e3 O-O 6. Be2 d6 7. h4 h5 8. Nh3 Qe8
9. Nc4 Nc6 10. O-O e5 11. dxe5 dxe5 12. Ng5 b5 13. Nd2 a6 14. b4 Bb7 15. Nb3
Rd8 16. Qc1 Nh7 17. a4 Nxg5 18. hxg5 bxa4 19. Nc5 Bc8 20. b5 Na7 21. bxa6 Qe7
22. Ba3 Qxg5 23. Nb7 Bxb7 24. axb7 Rfe8 25. Bc5 Nc6 26. Bb5 Qf6 27. Rxa4 Bf8
28. Qa3 f4 29. exf4 exf4 30. Ra6 Qg5 31. Qb3+ Kh8 32. Bxf8 Nd4 33. Qb2 Rxf8 34.
Bd3 Qe5 35. Qa1 Rf6 36. Ra8 Rff8 37. Re1 Qf6 38. Re4 Kg7 39. Ra6 Nc6 40. Qe1
Rd6 41. Re8 f3 42. Rxf8 Qxf8 43. Qc3+ 1-0

[Event "VL 2016/17"]
[Site "Mecklenburg/Vorpommern"]
[Date "2017.03.19"]
[Round "7.4"]
[White "Schmidt, Reinhard"]
[Black "Kohn, Andreas"]
[Result "1/2-1/2"]
[WhiteElo "1786"]
[BlackElo "1917"]
[PlyCount "31"]
[EventType "team-tourn"]
[EventRounds "9"]
[SourceDate "2016.10.16"]
[WhiteTeam "SF Ostsee Warnemünde"]
[BlackTeam "FHSG Stralsund"]

1. e4 e6 2. d4 d5 3. exd5 exd5 4. Bd3 Bd6 5. Ne2 Ne7 6. O-O O-O 7. c3 Bf5 8.
Re1 c6 9. Bg5 Bxd3 10. Qxd3 Qc7 11. Ng3 f6 12. Bd2 Nd7 13. b3 Rfe8 14. c4 Nf8
15. Nc3 Rad8 16. c5 1/2-1/2

[Event "VL 2016/17"]
[Site "Mecklenburg/Vorpommern"]
[Date "2017.03.19"]
[Round "7.5"]
[White "Paulowitz, Bernd Rainer"]
[Black "Staben, Norbert"]
[Result "1/2-1/2"]
[WhiteElo "1892"]
[BlackElo "1689"]
[PlyCount "38"]
[EventType "team-tourn"]
[EventRounds "9"]
[SourceDate "2016.10.16"]
[WhiteTeam "FHSG Stralsund"]
[BlackTeam "SF Ostsee Warnemünde"]

1. Nf3 d5 2. d4 g6 3. g3 Bg7 4. Bg2 Nf6 5. O-O O-O 6. Bf4 Nbd7 7. Nc3 c6 8. Qd2
Re8 9. Rad1 Nb6 10. b3 a5 11. a4 Bf5 12. Nh4 Bg4 13. h3 Bd7 14. g4 Qc8 15. Be5
h5 16. f3 Be6 17. Kh2 Qd7 18. Qf4 Rf8 19. g5 Ne8 1/2-1/2

[Event "VL 2016/17"]
[Site "Mecklenburg/Vorpommern"]
[Date "2017.03.19"]
[Round "7.6"]
[White "Vladov, Mark"]
[Black "Kohn, Thomas"]
[Result "0-1"]
[WhiteElo "1619"]
[BlackElo "1857"]
[PlyCount "56"]
[EventType "team-tourn"]
[EventRounds "9"]
[SourceDate "2016.10.16"]
[WhiteTeam "SF Ostsee Warnemünde"]
[BlackTeam "FHSG Stralsund"]

1. e4 c5 2. f4 d6 3. Nf3 Nc6 4. Bc4 g6 5. d4 cxd4 6. Nxd4 Bg7 7. Nxc6 bxc6 8.
c3 Qb6 9. Qe2 Rb8 10. Be3 Qxb2 11. Qxb2 Rxb2 12. O-O c5 13. Rf2 Rb6 14. a4 Nf6
15. Bb5+ Bd7 16. e5 Ng4 17. Re2 Bxb5 18. axb5 Nxe3 19. Rxa7 Nd5 20. Ra8+ Kd7
21. Ra7+ Nc7 22. c4 Ra8 23. Rea2 Rxa7 24. Rxa7 Kc8 25. Nc3 Kb8 26. Rxc7 Kxc7
27. Nd5+ Kb7 28. Nxe7 dxe5 0-1

[Event "VL 2016/17"]
[Site "Mecklenburg/Vorpommern"]
[Date "2017.03.19"]
[Round "7.7"]
[White "Klepin, Wilfried"]
[Black "Fenske, Harald"]
[Result "1-0"]
[WhiteElo "1831"]
[BlackElo "1614"]
[PlyCount "47"]
[EventType "team-tourn"]
[EventRounds "9"]
[SourceDate "2016.10.16"]
[WhiteTeam "FHSG Stralsund"]
[BlackTeam "SF Ostsee Warnemünde"]

1. f4 d5 2. d4 e6 3. Nf3 c5 4. e3 a6 5. c3 Nc6 6. Bd3 Nf6 7. O-O c4 8. Bc2 Bd6
9. Qe2 b5 10. Nbd2 O-O 11. Ne5 Qc7 12. Rf3 Ne7 13. Rh3 g6 14. g4 Rd8 15. Qf3
Ne8 16. Nxf7 Kxf7 17. Rxh7+ Ng7 18. Qh3 Bd7 19. Qh6 Rg8 20. Nf3 Qc8 21. Ng5+
Kf8 22. Bxg6 Nxg6 23. Qxg6 Qe8 24. Qf6+ 1-0

[Event "VL 2016/17"]
[Site "Mecklenburg/Vorpommern"]
[Date "2017.03.19"]
[Round "7.8"]
[White "Warmuth, Ruediger"]
[Black "Giese, Lothar"]
[Result "0-1"]
[WhiteElo "1435"]
[BlackElo "1795"]
[PlyCount "132"]
[EventType "team-tourn"]
[EventRounds "9"]
[SourceDate "2016.10.16"]
[WhiteTeam "SF Ostsee Warnemünde"]
[BlackTeam "FHSG Stralsund"]

1. e4 d6 2. d4 g6 3. Nf3 Bg7 4. c3 Nf6 5. Bd3 O-O 6. O-O Nc6 7. Re1 e5 8. d5
Ne7 9. c4 Ne8 10. Nc3 f5 11. Bg5 h6 12. Bxe7 Qxe7 13. Nd2 f4 14. f3 g5 15. h3
h5 16. Be2 Rf6 17. Nf1 Rh6 18. Nh2 Nf6 19. Nb1 Bd7 20. Nd2 Kf7 21. b4 Rah8 22.
Rc1 g4 23. c5 gxh3 24. c6 bxc6 25. dxc6 Be6 26. a3 Rg6 27. Bf1 hxg2 28. Bc4 Bh6
29. Bxe6+ Qxe6 30. Qb3 h4 31. Qxe6+ Kxe6 32. Nc4 h3 33. Red1 Rd8 34. a4 Rgg8
35. b5 d5 36. exd5+ Nxd5 37. a5 Ne3 38. Re1 Nxc4 39. Rxc4 Rd5 40. b6 Rgd8 41.
b7 Rd1 42. Rc1 Rxe1+ ({Komodo 10 64-bit:} 42... Bf8 43. Ng4 Bc5+ 44. Nf2 Bxf2+
45. Kxf2 R1d2+ 46. Re2 Rxe2+ 47. Kxe2 h2 48. b8=Q Rxb8 49. Kd3 g1=Q 50. Rxg1
hxg1=Q 51. Kc2 Qg2+ 52. Kc3 Rb2 53. a6 Qc2# {[%eval -32743,26]}) 43. Rxe1 Bf8
44. Ng4 Bc5+ 45. Nf2 Bd4 46. Rb1 Rb8 47. a6 Kf5 48. Rc1 Kg5 49. Rc2 Kh4 50. Kh2
Rg8 $4 ({Komodo 10 64-bit:} 50... Bxf2 51. Rxf2 Rg8 52. Rxg2 hxg2 53. Kg1 Kh3
54. b8=Q Rxb8 55. Kf2 Rb2+ 56. Kg1 Rb1+ 57. Kf2 g1=Q+ 58. Ke2 Qe3# {[%eval
-32749,38]}) 51. Nxh3 g1=Q+ 52. Nxg1 Bxg1+ 53. Kh1 Rd8 54. Kxg1 Kg3 55. Rc1 (
55. Rf2 $18 e4 56. fxe4 f3 57. Rf1 Rd2 (57... Kf4 58. Rb1 Rb8 59. e5 Kxe5 60.
Rd1) 58. Rxf3+ Kxf3 59. b8=Q) 55... Kxf3 56. Rb1 Rb8 57. Kf1 e4 58. Rb3+ e3 59.
Ke1 Ke4 60. Rb4+ Kd5 61. Rxf4 Kxc6 62. Rf6+ Kb5 63. Ke2 c6 64. Kxe3 Kxa6 65.
Rxc6+ Kxb7 66. Rc3 Rd8 {Es bleibt ein Rätsel, warum Weiß genau jetzt aufgab}
0-1

[Event "VL 2016/17"]
[Site "Mecklenburg/Vorpommern"]
[Date "2017.03.19"]
[Round "7.1"]
[White "Montag, Ralf"]
[Black "Roehl, Rainer"]
[Result "1/2-1/2"]
[WhiteElo "1918"]
[BlackElo "2082"]
[PlyCount "33"]
[EventType "team-tourn"]
[EventRounds "9"]
[SourceDate "2016.10.16"]
[WhiteTeam "VT Ludwigslust"]
[BlackTeam "SF Schwerin II"]

1. e4 c5 2. Nc3 g6 3. d3 Bg7 4. Be3 d6 5. Qd2 Nc6 6. g3 Nf6 7. Bh6 Bxh6 8. Qxh6
Nd4 9. Qd2 Qa5 10. Bg2 Bg4 11. h3 Bd7 12. Nge2 O-O 13. f4 Bc6 14. O-O Nxe2+ 15.
Qxe2 Qb6 16. Rab1 c4+ 17. Qf2 1/2-1/2

[Event "VL 2016/17"]
[Site "Mecklenburg/Vorpommern"]
[Date "2017.03.19"]
[Round "7.2"]
[White "Hanisch, Sebastian"]
[Black "Wiemer, Juergen"]
[Result "0-1"]
[WhiteElo "2029"]
[BlackElo "1952"]
[PlyCount "116"]
[EventType "team-tourn"]
[EventRounds "9"]
[SourceDate "2016.10.16"]
[WhiteTeam "SF Schwerin II"]
[BlackTeam "VT Ludwigslust"]

1. d4 Nf6 2. c4 e6 3. Nc3 d5 4. Bg5 Be7 5. e3 Ne4 6. Bf4 O-O 7. Bd3 Nxc3 8.
bxc3 b6 9. cxd5 exd5 10. Qc2 g6 11. Nf3 Ba6 12. O-O Bxd3 13. Qxd3 Bd6 14. Bg5
f6 15. Bh4 Qe8 16. Nd2 c6 17. c4 Qe6 18. a4 Nd7 19. Bg3 Bb4 20. cxd5 cxd5 21.
Rac1 Rfc8 22. Nb1 Rc4 23. Na3 Bxa3 24. Qxa3 Rac8 25. a5 b5 26. Rb1 a6 27. h3
Kf7 28. Qd6 Qxd6 29. Bxd6 Ke6 30. Bb4 Nb8 31. Bc5 Nc6 32. Ra1 Nb4 33. Rfd1 f5
34. g3 Nc6 35. Rd2 Nd8 36. f3 Nf7 37. Kf2 Nd6 38. Ke2 Kd7 39. Kd3 Nb7 40. Bb6
Ke6 41. e4 fxe4+ 42. fxe4 dxe4+ 43. Kxe4 Nd6+ 44. Kf4 Kd5 45. Re1 Rf8+ 46. Kg4
Ne4 47. Rde2 h5+ 48. Kh4 g5+ 49. Kxh5 Nxg3+ 50. Kxg5 Rg8+ 51. Kf6 Nxe2 52. Rxe2
Rc6+ 53. Ke7 Rg7+ 54. Kd8 Rh7 55. Re5+ Kc4 56. h4 Rxh4 57. Rc5+ Rxc5 58. dxc5
Kd5 0-1

[Event "VL 2016/17"]
[Site "Mecklenburg/Vorpommern"]
[Date "2017.03.19"]
[Round "7.4"]
[White "Hornych, Christoph"]
[Black "Krueger, Horst"]
[Result "1-0"]
[WhiteElo "2035"]
[BlackElo "1884"]
[PlyCount "91"]
[EventType "team-tourn"]
[EventRounds "9"]
[SourceDate "2016.10.16"]
[WhiteTeam "SF Schwerin II"]
[BlackTeam "VT Ludwigslust"]

1. e4 c5 2. Nf3 d6 3. d4 cxd4 4. Nxd4 Nf6 5. Nc3 g6 6. Be2 Bg7 7. O-O O-O 8.
Be3 Nc6 9. h3 Bd7 10. Nb3 a6 11. a4 Na5 12. Nxa5 Qxa5 13. Qd2 Bc6 14. f3 Rfe8
15. Rab1 Qb4 16. Qd4 Qxd4 17. Bxd4 e5 18. Bf2 d5 19. exd5 Nxd5 20. Nxd5 Bxd5
21. c4 Bc6 22. a5 e4 23. b4 Rad8 24. Rfd1 Rxd1+ 25. Rxd1 exf3 26. Bxf3 Bxf3 27.
gxf3 Bc3 28. Bc5 Re1+ 29. Rxe1 Bxe1 30. Kf1 Bg3 31. Ke2 f6 32. Kd3 Kf7 33. Bd4
Bc7 34. c5 Ke6 35. Kc4 g5 36. Bc3 f5 37. Bd2 f4 38. Bc3 h5 39. Kd3 Bb8 40. Ke4
Bc7 41. Bg7 Kd7 42. Bf6 Bd8 43. Bxd8 Kxd8 44. Kf5 g4 45. Kxf4 gxh3 46. Kg3 1-0

[Event "VL 2016/17"]
[Site "Mecklenburg/Vorpommern"]
[Date "2017.03.19"]
[Round "7.6"]
[White "Wandel, Bernd"]
[Black "Hilpert, Andreas"]
[Result "1-0"]
[WhiteElo "1982"]
[BlackElo "1787"]
[PlyCount "101"]
[EventType "team-tourn"]
[EventRounds "9"]
[SourceDate "2016.10.16"]
[WhiteTeam "SF Schwerin II"]
[BlackTeam "VT Ludwigslust"]

1. d4 d5 2. c4 Nf6 3. Nc3 e6 4. Nf3 Be7 5. Bg5 O-O 6. e3 c6 7. Qc2 h6 8. h4
Nbd7 9. Bxf6 Bxf6 10. g4 e5 11. g5 exd4 12. exd4 Re8+ 13. Be2 Be7 14. gxh6 g6
15. O-O-O Nf8 16. Rdg1 Bf6 17. h5 g5 18. Nxg5 Bxg5+ 19. f4 Qf6 20. fxg5 Qxd4
21. g6 Qf4+ 22. Kb1 Qxh6 23. gxf7+ Kxf7 24. cxd5 Re5 25. Bc4 Ke7 26. dxc6 bxc6
27. Re1 Rxe1+ 28. Rxe1+ Be6 29. Qe4 Kd7 30. Na4 Re8 31. Nc5+ Kc7 32. Nxe6+ Nxe6
33. Bxe6 Qxh5 34. Rc1 c5 35. Qf4+ Kb7 36. Qf7+ Qxf7 37. Bxf7 Re5 38. Rd1 Kc6
39. Kc2 a5 40. Kc3 Rf5 41. Be8+ Kc7 42. Rd7+ Kb6 43. Rd6+ Kb7 44. Bb5 Rf2 45.
a4 Rf3+ 46. Bd3 Rf4 47. b3 Kc7 48. Ra6 Rd4 49. Rxa5 Kb6 50. Ra6+ Kb7 51. Rf6
1-0

[Event "VL 2016/17"]
[Site "Mecklenburg/Vorpommern"]
[Date "2017.03.19"]
[Round "7.7"]
[White "Mitscherling, Reinhard"]
[Black "Kross, Gunnar"]
[Result "0-1"]
[WhiteElo "1783"]
[BlackElo "1979"]
[PlyCount "68"]
[EventType "team-tourn"]
[EventRounds "9"]
[SourceDate "2016.10.16"]
[WhiteTeam "VT Ludwigslust"]
[BlackTeam "SF Schwerin II"]

1. Nf3 d5 2. d4 Nf6 3. c4 e6 4. Nc3 Be7 5. e3 O-O 6. Be2 b6 7. O-O Bb7 8. Qc2
dxc4 9. Bxc4 c5 10. Rd1 cxd4 11. Nxd4 Qc8 12. Bd3 Nc6 13. Nxc6 Qxc6 14. f3 Rac8
15. Qf2 Rfd8 16. e4 Bb4 17. e5 Ne8 18. Qh4 Qc5+ 19. Kh1 g6 20. Bg5 Rd4 21. Be4
Bxc3 22. Rxd4 Bxd4 23. Bxb7 Rc7 24. Be4 Bxe5 25. Bf4 Bxf4 26. Qxf4 Kg7 27. h4
Nf6 28. Rd1 Nh5 29. Qd2 Ng3+ 30. Kh2 Nxe4 31. fxe4 Qe5+ 32. Kg1 Qxe4 33. Qd4+
Qxd4+ 34. Rxd4 Rc1+ 0-1

[Event "VL 2016/17"]
[Site "Mecklenburg/Vorpommern"]
[Date "2017.03.19"]
[Round "7.1"]
[White "Ispirjan, Mikael"]
[Black "Csillag, Istvan"]
[Result "0-1"]
[WhiteElo "1998"]
[BlackElo "1986"]
[PlyCount "80"]
[EventType "team-tourn"]
[EventRounds "9"]
[SourceDate "2016.10.16"]
[WhiteTeam "SAV Torgelow"]
[BlackTeam "SG Neubrandenburg"]

1. e4 e5 2. Nf3 Nf6 3. Nxe5 d6 4. Nf3 Nxe4 5. d4 d5 6. Bd3 Bg4 7. Nbd2 Nxd2 8.
Bxd2 Be7 9. c3 Nd7 10. Qc2 Bxf3 11. gxf3 Nf6 12. O-O-O Qd6 13. Rhg1 g6 14. Bg5
O-O-O 15. h4 Nh5 16. Qd2 Rhe8 17. f4 Bxg5 18. fxg5 Re7 19. Rde1 Rde8 20. Rxe7
Rxe7 21. Re1 Rxe1+ 22. Qxe1 Kd7 23. Qe3 Qh2 24. Be2 Qxh4 25. Bxh5 gxh5 26. Kd2
Qg4 27. Qe5 Qf3 28. Qh2 Kc6 29. b3 Kd7 30. Qh4 Ke6 31. Qh2 Kf5 32. Qxc7 Qf4+
33. Qxf4+ Kxf4 34. Ke2 b5 35. f3 h4 36. Kf2 Kxg5 37. Kg2 Kf4 38. a3 Ke3 39. c4
Kxd4 40. cxb5 Kc5 0-1

[Event "VL 2016/17"]
[Site "Mecklenburg/Vorpommern"]
[Date "2017.03.19"]
[Round "7.2"]
[White "Pruesse, Horst"]
[Black "Schmekel, Florian"]
[Result "1/2-1/2"]
[WhiteElo "2040"]
[BlackElo "1959"]
[PlyCount "84"]
[EventType "team-tourn"]
[EventRounds "9"]
[SourceDate "2016.10.16"]
[WhiteTeam "SG Neubrandenburg"]
[BlackTeam "SAV Torgelow"]

1. e4 c5 2. Nc3 g6 3. f4 Bg7 4. Nf3 e6 5. d4 cxd4 6. Nxd4 a6 7. Be2 Ne7 8. Bf3
d6 9. O-O O-O 10. Be3 Qc7 11. a4 Nbc6 12. Nce2 b6 13. Qe1 Bb7 14. Qf2 Rab8 15.
Rad1 Nxd4 16. Nxd4 d5 17. e5 Bc6 18. b3 b5 19. Nxc6 Qxc6 20. Bc5 Rfe8 21. axb5
axb5 22. c4 bxc4 23. bxc4 Bf8 24. Bxe7 Bxe7 25. cxd5 exd5 26. Bxd5 Qb5 27. Qa2
Bc5+ 28. Kh1 Re7 29. Rb1 Qe8 30. Rxb8 Qxb8 31. Rb1 Qa7 32. Qc4 Rc7 33. e6 fxe6
34. Bxe6+ Kg7 35. f5 Be7 36. Qb5 Qc5 37. Qf1 Qe5 38. Re1 Qf6 39. fxg6 hxg6 40.
Qe2 Bd6 41. Rf1 Qe5 42. Qxe5+ Bxe5 1/2-1/2

[Event "VL 2016/17"]
[Site "Mecklenburg/Vorpommern"]
[Date "2017.03.19"]
[Round "7.3"]
[White "Zentgraf, Robert"]
[Black "Rossmann, Andreas"]
[Result "1/2-1/2"]
[WhiteElo "2099"]
[BlackElo "1919"]
[PlyCount "90"]
[EventType "team-tourn"]
[EventRounds "9"]
[SourceDate "2016.10.16"]
[WhiteTeam "SAV Torgelow"]
[BlackTeam "SG Neubrandenburg"]

1. e4 d6 2. d4 Nf6 3. Nc3 g6 4. Nf3 Bg7 5. Be2 O-O 6. h3 c5 7. O-O cxd4 8. Nxd4
Nc6 9. Nb3 a5 10. a4 Be6 11. Be3 Bxb3 12. cxb3 Nb4 13. f4 Nd7 14. Rc1 Rc8 15.
Bc4 Nb6 16. Qe2 Nxc4 17. bxc4 Rc6 18. Nb5 Qa8 19. Na7 Ra6 20. Nb5 Rc6 21. b3
Na6 22. Rcd1 Nc5 23. Qc2 b6 24. Rd5 Rcc8 25. Re1 Rfd8 26. Bf2 Ne6 27. g3 Nc5
28. Kh2 Qb8 29. h4 Nd7 30. h5 Nf6 31. hxg6 hxg6 32. Rd2 Ng4+ 33. Kg2 Nxf2 34.
Kxf2 Qb7 35. Qd3 Rc5 36. Qf3 Rh5 37. Ke3 Qc6 38. Rd5 Rxd5 39. exd5 Qc5+ 40. Ke2
f5 41. Qe3 Qxe3+ 42. Kxe3 Rd7 43. Rb1 Kf7 44. b4 axb4 45. Rxb4 e5 1/2-1/2

[Event "VL 2016/17"]
[Site "Mecklenburg/Vorpommern"]
[Date "2017.03.19"]
[Round "7.4"]
[White "Kunow, Frank"]
[Black "Ehlers, Michael"]
[Result "1-0"]
[WhiteElo "1891"]
[BlackElo "1881"]
[PlyCount "93"]
[EventType "team-tourn"]
[EventRounds "9"]
[SourceDate "2016.10.16"]
[WhiteTeam "SG Neubrandenburg"]
[BlackTeam "SAV Torgelow"]

1. Nf3 Nf6 2. c4 g6 3. b4 Bg7 4. Bb2 O-O 5. g3 c6 6. Bg2 a5 7. b5 d5 8. Na3
dxc4 9. bxc6 Nxc6 10. Nxc4 Be6 11. Ne3 Nd5 12. Bxg7 Nxe3 13. fxe3 Kxg7 14. O-O
Rb8 15. d4 Bd5 16. Qb1 f5 17. Qb2 Kg8 18. Rfd1 b5 19. Rac1 Qd6 20. Rc5 Na7 21.
Qd2 b4 22. e4 fxe4 23. Ng5 Nb5 24. Bh3 Nc3 25. Rxa5 e5 26. Rxd5 Nxd5 27. dxe5
Qb6+ 28. Qd4 Nc3 29. Qxb6 Rxb6 30. Rd6 Rxd6 31. exd6 Nxe2+ 32. Kg2 Nc3 33. d7
e3 34. Be6+ Kg7 35. Nf7 Kf6 36. d8=Q+ Rxd8 37. Nxd8 Ke7 38. Nc6+ Kxe6 39. Nxb4
Ke5 40. Kf3 Kd4 41. Nc2+ Ke5 42. a3 g5 43. Kxe3 Na4 44. Ne1 h6 45. g4 Nc5 46.
Nd3+ Kd5 47. Nxc5 1-0

[Event "VL 2016/17"]
[Site "Mecklenburg/Vorpommern"]
[Date "2017.03.19"]
[Round "7.5"]
[White "Bauer, Norbert"]
[Black "Stoevesand, Peter"]
[Result "0-1"]
[WhiteElo "1965"]
[BlackElo "1851"]
[PlyCount "64"]
[EventType "team-tourn"]
[EventRounds "9"]
[SourceDate "2016.10.16"]
[WhiteTeam "SAV Torgelow"]
[BlackTeam "SG Neubrandenburg"]

1. d4 d5 2. c4 e6 3. Nc3 Nf6 4. cxd5 exd5 5. Bg5 Be7 6. e3 O-O 7. Bd3 Nbd7 8.
Qc2 h6 9. Bf4 b6 10. Nb5 Bb4+ 11. Kf1 c5 12. Bc7 Qe8 13. Bd6 Ba6 14. Nc7 Bxd3+
15. Qxd3 Qc8 16. dxc5 bxc5 17. Qa6 Ne4 18. Bxf8 Qxc7 19. a3 Ba5 20. b4 Qe5 21.
Rd1 Bb6 22. Bxc5 Bxc5 23. bxc5 Ndxc5 24. Nf3 Qb2 25. Qe2 Qxa3 26. h4 Rb8 27.
Kg1 Rb2 28. Qe1 Nxf2 29. Kh2 Nxd1 30. Qxd1 Qxe3 31. Qxd5 Ne4 32. Qf5 Rxg2+ 0-1

[Event "VL 2016/17"]
[Site "Mecklenburg/Vorpommern"]
[Date "2017.03.19"]
[Round "7.6"]
[White "Witkowski, Rainer"]
[Black "Bress, Aaron"]
[Result "1-0"]
[WhiteElo "1858"]
[BlackElo "1670"]
[PlyCount "61"]
[EventType "team-tourn"]
[EventRounds "9"]
[SourceDate "2016.10.16"]
[WhiteTeam "SG Neubrandenburg"]
[BlackTeam "SAV Torgelow"]

1. e4 c5 2. c3 d5 3. exd5 Qxd5 4. d4 Nf6 5. Nf3 Bg4 6. Be2 e6 7. Be3 cxd4 8.
Bxd4 Be7 9. Qa4+ Nc6 10. Bxf6 Bxf6 11. Qxg4 h5 12. Qc4 Qd6 13. Nbd2 g5 14. Ne4
Qe7 15. O-O-O O-O 16. Nxf6+ Qxf6 17. Qe4 g4 18. Nd4 Nxd4 19. Rxd4 Qg5+ 20. Kc2
Rad8 21. Rhd1 Rxd4 22. Rxd4 Rd8 23. Rxd8+ Qxd8 24. h3 gxh3 25. gxh3 Qf6 26. Qf3
Qg6+ 27. Kb3 Qh6 28. Qxh5 Qd2 29. h4 Qd6 30. Qg4+ Kh8 31. Qd4+ 1-0